[Event "South African op"]
[Site "Cape Town"]
[Date "2022.07.15"]
[Round "8"]
[White "Siyo, Sibabale"]
[Black "De Villiers, Ockert Almaro"]
[Result "1-0"]
[WhiteElo "1647"]
[BlackElo "1583"]
[PlyCount "61"]
[EventDate "2022.07.09"]
[EventType "swiss"]
[EventRounds "11"]
[EventCountry "RSA"]
[SourceTitle "CBM 209 Extra"]
[Source "ChessBase"]
[SourceDate "2022.09.30"]
[SourceVersion "1"]
[SourceVersionDate "2022.09.30"]
[SourceQuality "1"]

1. e4 c5 2. Nf3 d6 3. d4 cxd4 4. Nxd4 Nf6 5. Nc3 e6 6. Bg5 Be7 7. Ndb5 a6 8. e5 axb5 9. exf6 gxf6 10. Bxb5+ Bd7 11. Bf4 Bxb5 12. Nxb5 Qa5+ 13. Nc3 Qb4 14. Qd2 d5 15. 0-0 d4 16. Ne4 Qxd2 17. Bxd2 Nc6 18. f4 h5 19. Rf3 f5 20. Nf2 f6 21. Rb3 Ra7 22. Nd3 e5 23. fxe5 fxe5 24. Bb4 Nxb4 25. Nxb4 Bxb4 26. Rxb4 Kd7 27. Re1 Kd6 28. a3 Rc8 29. Rb5 Re8 30. Rb6+ Kc5 31. Rf6 1-0

[Event "South African op"]
[Site "Cape Town"]
[Date "2022.07.09"]
[Round "1"]
[White "Kleinsmidt, Cherwin"]
[Black "Siyo, Sibabale"]
[Result "1/2-1/2"]
[WhiteElo "1877"]
[BlackElo "1647"]
[PlyCount "159"]
[EventDate "2022.07.09"]
[EventType "swiss"]
[EventRounds "11"]
[EventCountry "RSA"]
[SourceTitle "CBM 209 Extra"]
[Source "ChessBase"]
[SourceDate "2022.09.30"]
[SourceVersion "1"]
[SourceVersionDate "2022.09.30"]
[SourceQuality "1"]

1. e4 c6 2. d3 d5 3. Nd2 e5 4. Ngf3 Bd6 5. g3 Nf6 6. Bg2 Nbd7 7. 0-0 0-0 8. Re1 Re8 9. c3 Nc5 10. Qc2 Bc7 11. b4 Ncd7 12. Bb2 Nf8 13. Rad1 Be6 14. exd5 Bxd5 15. c4 Bxf3 16. Nxf3 Ng6 17. Re2 Re7 18. Rde1 Nd7 19. h4 Qe8 20. d4 a5 21. b5 cxb5 22. cxb5 Bd6 23. h5 Rc8 24. Qf5 Ngf8 25. dxe5 Bb4 26. Rd1 Nb6 27. a3 Bc3 28. Rc2 Bxb2 29. Rxb2 Ne6 30. h6 g6 31. Qf6 Nd7 32. Qh4 Nb6 33. Rbd2 Rec7 34. Bh3 Rc1 35. Rxc1 Rxc1+ 36. Kh2 Nd7 37. Ng5 Nxe5 38. Bxe6 fxe6 39. Qd4 Qf8 40. Qh4 Qxh6 41. Qxh6 Ng4+ 42. Kg2 Nxh6 43. Rd8+ Kg7 44. Rd7+ Kf6 45. Nxh7+ Ke5 46. Rxb7 Rc3 47. Nf8 Rxa3 48. Nxg6+ Kf6 49. Nf4 e5 50. Rb6+ Kf5 51. Nd5 Ng4 52. Ne7+ Kg5 53. Rg6+ Kh5 54. Rg8 Rb3 55. Rf8 Rxb5 56. f3 Rb2+ 57. Kf1 Ne3+ 58. Ke1 a4 59. Nf5 Nc4 60. Rc8 Nd2 61. Ra8 Nxf3+ 62. Kd1 Ra2 63. Ne3 Kg5 64. Ra5 Kf6 65. Ra6+ Ke7 66. Kc1 Nd4 67. Kb1 Ra3 68. Nd5+ Kf7 69. g4 Ne2 70. g5 Rb3+ 71. Ka2 Nc3+ 72. Nxc3 Rxc3 73. Rxa4 Rg3 74. Ra6 Rxg5 75. Kb3 Rg6 76. Ra7+ Kf6 77. Kc4 Kf5 78. Kd5 Rg5 79. Rf7+ Kg4 80. Ke4 1/2-1/2

[Event "RSA-ch U14"]
[Site "Bloemfontein"]
[Date "2016.03.25"]
[Round "10"]
[White "Siyo, Sibabale"]
[Black "Willenberg, Tristan"]
[Result "1/2-1/2"]
[WhiteElo "1057"]
[BlackElo "1209"]
[PlyCount "81"]
[EventDate "2016.03.20"]
[EventType "swiss"]
[EventRounds "11"]
[EventCountry "RSA"]
[SourceTitle "CBM 171 Extra"]
[Source "ChessBase"]
[SourceDate "2016.04.26"]
[SourceVersion "1"]
[SourceVersionDate "2016.04.26"]
[SourceQuality "1"]

1. e4 e6 2. d4 d5 3. e5 c5 4. Nf3 Nc6 5. Bd3 Qb6 6. 0-0 Bd7 7. Ng5 Nge7 8. Qf3 Nxd4 9. Qxf7+ Kd8 10. Qf4 Kc7 11. c3 Ndf5 12. Bxf5 Nxf5 13. Nd2 g6 14. Ndf3 Bh6 15. b3 Raf8 16. Qd2 Rhg8 17. Qc2 Rg7 18. Bd2 Bxg5 19. Bxg5 h6 20. Bf6 Rgf7 21. a4 g5 22. h3 Rg8 23. g4 Ne7 24. b4 a5 25. Rfb1 Ra8 26. bxa5 Qxa5 27. Qb3 Rb8 28. Nd4 b6 29. Nb5+ Bxb5 30. Qxb5 Qxb5 31. Rxb5 Ng8 32. Bh8 Rbf8 33. Rab1 Rxf2 34. Rxb6 Rf1+ 35. Rxf1 Rxf1+ 36. Kxf1 Kxb6 37. Ke2 Ka5 38. Kd3 Ne7 39. Bg7 Nc6 40. Bf8 Kb6 41. Bd6 1/2-1/2